000 00488nam a2200181Ia 4500
001 3270
005 20260306144908.0
008 260306t2012||||xx |||||||||||||| ||spa||
041 _aESP
082 _a262.91
_bP11
100 _aPablo VI, Papa
_eAUT
245 0 _aEvangelii nuntiandi:
_bsobre la evangelización en el mundo contemporáneo. Exhortación apostólica
260 _c2012
300 _a92 páginas :
_c20 cm.
650 _aGEN
654 _aCHU
942 _cLIB
_dJUS
_fJUS
_2ddc
_n
999 _c3270
_d3270